| 000 -LEADER |
| fixed length control field |
00889nam a2200253Ia 4500 |
| 001 - CONTROL NUMBER |
| control field |
22754 |
| 003 - CONTROL NUMBER IDENTIFIER |
| control field |
GE_BSU |
| 005 - DATE AND TIME OF LATEST TRANSACTION |
| control field |
20220525111807.0 |
| 008 - FIXED-LENGTH DATA ELEMENTS--GENERAL INFORMATION |
| fixed length control field |
181216s1994||||gw |||||||||||||| ||gmh|| |
| 020 ## - INTERNATIONAL STANDARD BOOK NUMBER |
| International Standard Book Number |
3484303182 |
| 040 ## - CATALOGING SOURCE |
| Transcribing agency |
GE_BSU |
| 041 ## - LANGUAGE CODE |
| Language code of text/sound track or separate title |
gmh |
| 080 ## - UNIVERSAL DECIMAL CLASSIFICATION NUMBER |
| Universal Decimal Classification number |
81'25 H-57 |
| 100 ## - MAIN ENTRY--PERSONAL NAME |
| Personal name |
Herbst, Thomas |
| 9 (RLIN) |
13834 |
| 245 ## - TITLE STATEMENT |
| Title |
Linguistische Aspekte der Synchronisation von Fernsehserien : |
| Remainder of title |
Phonetik, Textlinguistik, Übersetzungstheorie / |
| Statement of responsibility, etc. |
Thomas Herbst. |
| 264 ## - PRODUCTION, PUBLICATION, DISTRIBUTION, MANUFACTURE, AND COPYRIGHT NOTICE |
| Place of production, publication, distribution, manufacture |
Tubingen : |
| Name of producer, publisher, distributor, manufacturer |
Max Niemeyer Verlag, |
| Date of production, publication, distribution, manufacture, or copyright notice |
1994. |
| 300 ## - PHYSICAL DESCRIPTION |
| Extent |
327 p.; |
| Other physical details |
28 cm. |
| 440 ## - SERIES STATEMENT/ADDED ENTRY--TITLE |
| Title |
Linguistische Arbeiten 318 |
| 9 (RLIN) |
13835 |
| 522 ## - GEOGRAPHIC COVERAGE NOTE |
| Geographic coverage note |
Bibl. p.: 307-327 |
| 653 ## - INDEX TERM--UNCONTROLLED |
| keyword |
Лингвистика |
| 653 ## - INDEX TERM--UNCONTROLLED |
| keyword |
Linguistische Aspekte der Synchronisation von Fernsehserien |
| 653 ## - INDEX TERM--UNCONTROLLED |
| keyword |
ლინგვისტიკა, გერმანული ენათმეცნიერება |
| 942 ## - ADDED ENTRY ELEMENTS (KOHA) |
| Koha item type |
წიგნი |
| Source of classification or shelving scheme |
|